00999cam a22002651a 4500001001300000003000400013005001700017008004100034010001700075035001900092040002000111042001200131050001900143100003600162245008900198260006800287300002100355490009000376500001800466500006000484500002000544650005500564810009900619999001500718agr38000019 DLC20260227110956.0830311s1937 dcu b f001 0 eng  aagr38000019  a(OCoLC)9303786 aDLCcScFlMdDLC apremarc00aZ5075.U5bE2251 aEdwards, Everett Eugene,d1900-10aReferences on agricultural history as a field for research /cby Everett E. Edwards. aWashington, D.C. : U. S. Dept. of Agriculture, Library,c[1937] av, 41 p.c27 cm.1 aUnited States. Dept. of Agriculture. Library. Bibliographical contributions ;vno. 32 aMimeographed. aContribution from the Bureau of Agricultural Economics. aIncludes index. 0aAgriculturezUnited StatesxHistoryvBibliography.10aUnited States.bDepartment of Agriculture.bLibrary.tBibliographical contributions ;vno. 32. c9833d9833